Naruto - Mort subite - Statistiques

Statistiques générales
  • Ce quiz a été pris 10 906 fois
  • Le résultat moyen est 14 sur 20
Answers on the Grid
Answers color-coded by a green-red scale on the quiz's grid according to % correct below.
Chiyo
Zabuza
Sarutobi Hiruzen
Mikasa
Hatake Kakashi
Lelouch Lamperouge
Haruno Sakura
Rimuru Tempest
Haku
Jirôbô
Nezuko Kamado
Kimimaro
Uchiha Shisui
Spike Spiegel
Uchiha Sasuke
Hyûga Hinata
Megumin
Rock Lee
Misato Katsuragi
Darui
Uzumaki Naruto
Jûgo
Gamabunta
Zero Two
Tenten
Chika Fujiwara
Temari
Hidan
Akame
Baki
 
Statistiques - réponses
Réponse % Correct
Zabuza
92%
Sarutobi Hiruzen
88%
Hatake Kakashi
86%
Haruno Sakura
83%
Uchiha Sasuke
82%
Uchiha Shisui
82%
Rock Lee
81%
Hyûga Hinata
79%
Uzumaki Naruto
79%
Haku
78%
Tenten
76%
Chiyo
75%
Temari
74%
Hidan
72%
Kimimaro
71%
Gamabunta
63%
Jûgo
61%
Darui
57%
Jirôbô
50%
Baki
20%
Aucun quiz correspondant
Distribution des résultats
% des personnes avec chaque résultat
Percentile par nombre de réponses
Votre historique - résultats
Vous n’avez pas pris ce quiz